Space cooperation : implementing arrangement between the United States of America and Brazil signed at Brasilia, October 14, 1997.

Bibliographic Details
Corporate Authors: Brazil, United States. Department of State
Format: Government Document eBook
Language:English
Portuguese
Language Notes:Text in English and Portuguese.
Published: [Washington, D.C.] : U.S. Dept. of State, [1997?]
Series:Treaties and other international acts series ; 12890.
Subjects:
Online Access:https://purl.fdlp.gov/GPO/LPS121005

MARC

Tag First Indicator Second Indicator Subfields
LEADER 00000cam a2200000 a 4500
001 in00002578607
005 20211202193336.0
006 m d f
007 cr bn|||||||||
008 100330s1997 dcu sz f000 0 eng c
035 |a (OCoLC)ocn587366723 
040 |a GPO  |c GPO  |d MvI  |d UtOrBLW 
041 1 |a eng  |a por 
042 |a pcc 
043 |a n-us---  |a s-bl--- 
049 |a WWW 
074 |a 0899-A-01 (online) 
086 0 |a S 9.10:12890 
110 1 |a Brazil. 
240 1 0 |a Treaties, etc.  |g United States,  |d 1997 October 14 (Space cooperation) 
245 1 0 |a Space cooperation :  |b implementing arrangement between the United States of America and Brazil signed at Brasilia, October 14, 1997. 
246 3 0 |a Implementing arrangement between the United States of America and Brazil signed at Brasilia, October 14, 1997 
264 1 |a [Washington, D.C.] :  |b U.S. Dept. of State,  |c [1997?] 
300 |a 1 online resource (61 unnumbered pages) 
336 |a text  |b txt  |2 rdacontent 
337 |a computer  |b c  |2 rdamedia 
338 |a online resource  |b cr  |2 rdacarrier 
490 1 |a Treaties and other international acts series ;  |v 12890 
500 |a Title from title screen (viewed on Mar. 29, 2010). 
546 |a Text in English and Portuguese. 
500 |a Electronic resource. 
610 2 0 |a International Space Station. 
650 0 |a Space stations  |x International cooperation. 
651 0 |a Outer space  |x Exploration  |x Government policy  |z United States. 
651 0 |a Outer space  |x Exploration  |x Government policy  |z Brazil. 
710 1 |a United States.  |b Department of State. 
830 0 |a Treaties and other international acts series ;  |v 12890. 
856 4 0 |u https://purl.fdlp.gov/GPO/LPS121005  |t 0 
999 |a MARS 
999 f f |s edb6cb39-f675-3b0d-abe6-e6dd5ef480fd  |i e42f7a28-f301-3871-a856-2a48e0ec1b5a  |t 0 
952 f f |a Texas A&M University  |b College Station  |c Electronic Resources  |d Available Online  |t 0  |e S 9.10:12890  |h Superintendent of Documents classification 
998 f f |a S 9.10:12890  |t 0  |l Available Online